Concepts of value in European material culture, 1500 - 1900

"The dominance of economic repertories of value is a relatively new phenomenon, and one which directly correlates to the steady advent of capitalism in early modern Europe. This volume brings together scholars with expertise in a variety of related fields, including economic history, the histor...

Full description

Saved in:
Bibliographic Details
Main Author: Munck, Bert de (Author)
Document Type: Book
Language:English
Published: Farnham, Surrey, UK, England [u.a.] : Ashgate Publishing Company , [2015]
Series:The history of retailing and consumption
Subjects:
Online Access:Inhaltsverzeichnis
Inhaltsverzeichnis
Related Items:Rezensiert in: [Rezension von: Bert De Munck, Dries Lyna (Hrsg.), Concepts of value in European material culture, 1500-1900]
Author Notes:ed. by Bert De Munck ...
LEADER 08399cam a2201465 c 4500
001 825663636
003 DE-627
005 20260617230823.0
007 tu
008 150519s2015 xxk||||| 00| ||eng c
010 |a  2015004398 
016 7 |a GBB583463  |2 UK 
016 7 |a 017419267  |2 DE-101 
020 |a 9781472451965  |q hardcover : alkaline paper  |9 978-1-4724-5196-5 
020 |a 1472451961  |9 1-4724-5196-1 
024 3 |a 9781472451965 
035 |a (DE-627)825663636 
035 |a (DE-603)361965419 
035 |a (DE-576)435380087 
035 |a (DE-599)GBV825663636 
035 |a (OCoLC)915369722 
035 |a (OCoLC)915369722 
035 |a (OCoLC)924862845 
035 |a (BL)017419267 
040 |a DE-627  |b ger  |c DE-627  |e rakwb 
041 |a eng 
044 |c XA-GB  |c XD-US 
050 0 |a HC240.9.C6 
082 0 |a 339.4/70940903  |q LOC  |2 23 
082 0 |a 339.470940903 
084 |a 19,2  |2 ssgn 
084 |a 19,2  |a 9,10  |2 ssgn 
084 |a NK 4950  |2 rvk  |0 (DE-625)rvk/126082: 
084 |a 15.30  |2 bkl 
084 |a 15.09  |2 bkl 
084 |a 83.11  |2 bkl 
084 |a 73.20  |2 bkl 
090 |a a 
245 0 0 |a Concepts of value in European material culture, 1500 - 1900  |c ed. by Bert De Munck ... 
264 1 |a Farnham, Surrey, UK, England [u.a.]  |b Ashgate Publishing Company  |c [2015] 
300 |a XIII, 290 S.  |b graph. Darst. 
336 |a Text  |b txt  |2 rdacontent 
337 |a ohne Hilfsmittel zu benutzen  |b n  |2 rdamedia 
338 |a Band  |b nc  |2 rdacarrier 
490 0 |a The history of retailing and consumption 
500 |a Enth. 11 Beitr 
500 |a Includes bibliographical references and index 
505 8 0 |t Locating and dislocating value : a pragmatic approach to early modern and nineteenth-century economic practices : expanding markets and market devices  |r Bert De Munck & Dries LynaLabelling with numbers? : weavers, merchants and the valuation of linen in seventeenth-century Münster / Christof Jeggle 
505 8 0 |t Words of value? : art auctions and semiotic socialisation in the Austrian Netherlands (1750-1794)  |r Dries Lyna 
505 8 0 |t From a "knowledgeable" salesman towards a "recognizable" product? : questioning branding strategies before industrialization (Antwerp, 17th-19th centuries)  |r Ilja Van Damme 
505 8 0 |t Golden touchstones? : the culture of art auctions in Brussels, 1830-1900 : conventions, material culture, and institutions  |r Anneleen Arnout 
505 8 0 |t The justness of aestimatio and the justice of transactions : defining real estate values in early modern Milan  |r Michela Barbot 
505 8 0 |t Vehicles of disinterested pleasure : French painting and non-remunerative value in the eighteenth century  |r Tomas Macsotay 
505 8 0 |t Usefulness, ornamental function and novelty : debates on quality in button and buckle manufacturing in northern Italy (18th-19th centuries) : the old and the new  |r Barbara Bettoni 
505 8 0 |t "Façon de venise" : determining the value of glass in early modern Europe  |r Corine Maitte 
505 8 0 |t The veneer of age : valuing the patina of silver in eighteenth-century Britain  |r Helen Clifford 
505 8 0 |t The value of a collection : collecting practices in early modern Europe  |r Adriana Turpin. 
520 |a "The dominance of economic repertories of value is a relatively new phenomenon, and one which directly correlates to the steady advent of capitalism in early modern Europe. This volume brings together scholars with expertise in a variety of related fields, including economic history, the history of consumption and material culture, art history, and the history of collecting, to explore changing concepts of value from the early modern period to the nineteenth century and present a new view on the advent of modern economic practices. Jointly, they fundamentally challenge traditional historical narratives about the rise of our contemporary market economy and consumer society"-- 
583 1 |a Archivierung/Langzeitarchivierung gewährleistet  |f SSG  |x XA-DE-BW  |2 pdager  |5 DE-16 
583 1 |a Archivierung prüfen  |c 20260411  |f DE-4165  |z 2  |2 pdager 
648 7 |8 1.10\x  |a 1500-1900  |2 stw 
648 7 |a Geschichte 1500-1900  |2 gnd 
650 7 |8 1.1\x  |a Werttheorie  |0 (DE-627)09140052X  |0 (DE-2867)11111-1  |2 stw 
650 7 |8 1.2\x  |a Bewertung  |0 (DE-627)091351588  |0 (DE-2867)12040-0  |2 stw 
650 7 |8 1.3\x  |a Preismanagement  |0 (DE-627)091350972  |0 (DE-2867)12794-5  |2 stw 
650 7 |8 1.4\x  |a Marktmechanismus  |0 (DE-627)091376432  |0 (DE-2867)10201-5  |2 stw 
650 7 |8 1.5\x  |a Geschichte  |0 (DE-627)09136311X  |0 (DE-2867)15690-2  |2 stw 
650 7 |8 1.6\x  |a Ökonomische Ideengeschichte  |0 (DE-627)091355249  |0 (DE-2867)16745-5  |2 stw 
650 7 |8 1.7\x  |a Kunsthandel  |0 (DE-627)091373336  |0 (DE-2867)18926-5  |2 stw 
650 7 |8 1.8\x  |a Auktion  |0 (DE-627)091348390  |0 (DE-2867)13322-6  |2 stw 
650 7 |8 1.9\x  |a Europa  |0 (DE-627)091358523  |0 (DE-2867)16815-3  |2 stw 
650 0 |a Consumption (Economics)  |z Europe  |x History 
650 0 |a Material culture  |z Europe  |x History 
650 0 |a Capital market  |z Europe  |x History 
650 0 |a Fair value  |z Europe 
650 0 |a Valuation  |z Europe 
650 0 |a Consumption (Economics)  |x History  |x Europe 
650 0 |a Material culture  |x History  |x Europe 
650 0 7 |0 (DE-588)4051157-1  |0 (DE-627)106178369  |0 (DE-576)209091630  |a Sachkultur  |2 gnd 
650 0 7 |0 (DE-588)4078777-1  |0 (DE-627)106076345  |0 (DE-576)209209992  |a Verbrauch  |2 gnd 
650 0 7 |0 (DE-588)4065654-8  |0 (DE-627)104221496  |0 (DE-576)209159812  |a Wert  |2 gnd 
651 0 |a Europe  |x Economic conditions 
651 7 |0 (DE-588)4015701-5  |0 (DE-627)104289007  |0 (DE-576)208913092  |a Europa  |2 gnd 
655 7 |a Aufsatzsammlung  |0 (DE-588)4143413-4  |0 (DE-627)105605727  |0 (DE-576)209726091  |2 gnd-content 
689 0 0 |d g  |0 (DE-588)4015701-5  |0 (DE-627)104289007  |0 (DE-576)208913092  |a Europa  |2 gnd 
689 0 1 |d s  |0 (DE-588)4051157-1  |0 (DE-627)106178369  |0 (DE-576)209091630  |a Sachkultur  |2 gnd 
689 0 2 |d s  |0 (DE-588)4078777-1  |0 (DE-627)106076345  |0 (DE-576)209209992  |a Verbrauch  |2 gnd 
689 0 3 |d s  |0 (DE-588)4065654-8  |0 (DE-627)104221496  |0 (DE-576)209159812  |a Wert  |2 gnd 
689 0 4 |a z  |2 gnd  |a Geschichte 1500-1900 
689 0 |5 (DE-627) 
689 1 0 |d g  |0 (DE-588)4015701-5  |0 (DE-627)104289007  |0 (DE-576)208913092  |a Europa  |2 gnd 
689 1 1 |d s  |0 (DE-588)4066399-1  |0 (DE-627)104346884  |0 (DE-576)209164522  |a Wirtschaft  |2 gnd 
689 1 2 |d s  |0 (DE-588)4114333-4  |0 (DE-627)105822957  |0 (DE-576)209483733  |a Kunst  |2 gnd 
689 1 3 |d s  |0 (DE-588)4079190-7  |0 (DE-627)106075314  |0 (DE-576)209211318  |a Werttheorie  |2 gnd 
689 1 4 |a z  |2 gnd  |a Geschichte 1500-1900 
689 1 |5 (DE-627) 
700 1 |a Munck, Bert de  |d 1967-  |e author  |e editor of compilation.  |0 (DE-588)134146719  |0 (DE-627)561151326  |0 (DE-576)300341393  |4 oth 
776 1 |z 9781472451972  |c pdf : £75.00 
776 1 |z 9781472451989  |c ePUB : £75.00 
787 0 8 |i Rezensiert in  |a Pezzini, Barbara  |t [Rezension von: Bert De Munck, Dries Lyna (Hrsg.), Concepts of value in European material culture, 1500-1900]  |d 2017  |w (DE-627)1778964699 
856 4 2 |u https://swbplus.bsz-bw.de/bsz435380087inh.htm  |m B:DE-576;DE-14  |q application/pdf  |v 20151029160708  |x Verlag  |3 Inhaltsverzeichnis  |7 1 
856 4 2 |u http://swbplus.bsz-bw.de/bsz435380087inh.htm  |m V:DE-576;B:DE-14  |q application/pdf  |3 Inhaltsverzeichnis  |7 1 
935 |a BGTS 
935 |i sf 
935 |i Blocktest 
936 r v |a NK 4950  |b Allgemeines  |k Geschichte  |k Weltgeschichte, Darstellungen Allgemeine Geschichte einzelner Staaten und Völker Teilgebiete der Geschichte, Sammelwerke  |k Teilgebiete der Geschichte  |k Allgemeine Geistes- und Kulturgeschichte  |k Allgemeine Kulturgeschichte  |k Abendländisch-europäische Kulturgeschichte  |k Allgemeines  |0 (DE-627)127115353X  |0 (DE-625)rvk/126082:  |0 (DE-576)20115353X 
936 b k |a 15.30  |j Europäische Geschichte in Mittelalter und Neuzeit: Allgemeines  |0 (DE-627)181571544 
936 b k |a 15.09  |j Wirtschaftsgeschichte  |0 (DE-627)181569663 
936 b k |a 83.11  |j Mikroökonomie  |0 (DE-627)106420216 
936 b k |a 73.20  |j Materielle Kultur: Allgemeines  |x Ethnologie  |0 (DE-627)106411500 
936 s n |a n100  |2 mzub 
936 s n |a q100  |2 mzub 
951 |a BO 
990 |a Europa 
990 |a Sachkultur 
990 |a Verbrauch 
990 |a Wert 
990 |a Geschichte 1500-1900 
990 |a Europa 
990 |a Wirtschaft 
990 |a Kunst 
990 |a Werttheorie 
990 |a Geschichte 1500-1900 
991 |a Rezensiertes Werk 
999 |a KXP-PPN825663636  |e 4008733809